Top 14, clubs de la saison 2020-2021. - Statistiques

Statistiques générales
  • Ce quiz a été pris 875 fois
    629 depuis la dernière actualisation
  • Le résultat moyen est 12 sur 14
Statistiques - réponses
Classement saison 2020 Clubs % Correct
7e Stade toulousain
99%
14e Stade français Paris
97%
4e RC Toulon
95%
3e Racing 92
94%
1er Union Bordeaux Bègles
93%
5e Stade rochelais
91%
6e ASM Clermont
90%
2e Lyon OU
90%
8e Montpellier HR
89%
9e Aviron bayonnais
89%
12e Section paloise
88%
10e Castres olympique
87%
11e CA Brive
75%
13e SU Agen
58%
Aucun quiz correspondant
Distribution des résultats
% des personnes avec chaque résultat
Percentile par nombre de réponses
Votre historique - résultats
Vous n’avez pas pris ce quiz depuis la dernière actualisation